<?xml version="1.0" encoding="UTF-8"?>
<record
    xmlns:xsi="http://www.w3.org/2001/XMLSchema-instance"
    xsi:schemaLocation="http://www.loc.gov/MARC21/slim http://www.loc.gov/standards/marcxml/schema/MARC21slim.xsd"
    xmlns="http://www.loc.gov/MARC21/slim">

  <leader>01825nam a22001577a 4500</leader>
  <datafield tag="082" ind1=" " ind2=" ">
    <subfield code="a">629.8</subfield>
  </datafield>
  <datafield tag="100" ind1=" " ind2=" ">
    <subfield code="a">Bajwa, Nadia Riaz</subfield>
    <subfield code="9">119665</subfield>
  </datafield>
  <datafield tag="245" ind1=" " ind2=" ">
    <subfield code="a">Machine Vision Based Automatic Quality Inspection System for Connecting-rod  /</subfield>
    <subfield code="c">Nadia Riaz Bajwa</subfield>
  </datafield>
  <datafield tag="264" ind1=" " ind2=" ">
    <subfield code="a">Islamabad :</subfield>
    <subfield code="b">SMME- NUST; </subfield>
    <subfield code="c">2017. </subfield>
  </datafield>
  <datafield tag="300" ind1=" " ind2=" ">
    <subfield code="a">74p.</subfield>
    <subfield code="b">Soft Copy</subfield>
    <subfield code="c">30cm</subfield>
  </datafield>
  <datafield tag="520" ind1=" " ind2=" ">
    <subfield code="a">This research deals with attempting to study, analyse, design, implement and testing of automatic
machine vision-based system for quality control of engine Connecting-rod. The connecting-rod or
conrod links the piston, which is a part of reciprocating engine, to the crankshaft. In combination
with crankshaft, connecting-rods convert up and down motion of piston into rotating motion. In
industries, large number of connecting rods with different diameters are being manufactured for
various engines. Usually parameters of conrod such as large bore diameter are measured manually
by using different gages. In this method, human mistakes contributes to for inaccurate diameter
measurement. As automatic quality inspection system for connecting-rod is proposed to estimate
its large bore diameter and small bore diameter of different sizes using machine vision. In order
to measure the parameters of connecting-rod, both methods Circular Hough transform and
Histogram Based Edge Detection have been implemented and compared. However satisfactory
results have been achieved with Histogram Based Edge Detection. The proposed algorithm
provides accuracy, efficiency and it is also cost-effective as compared to existing manual
inspection system.</subfield>
  </datafield>
  <datafield tag="650" ind1=" " ind2=" ">
    <subfield code="a"> MS Robotics and Intelligent Machine Engineering   </subfield>
    <subfield code="9">119486</subfield>
  </datafield>
  <datafield tag="700" ind1=" " ind2=" ">
    <subfield code="a">Supervisor : Dr. Syed Irtiza Ali Shah</subfield>
    <subfield code="9">119666</subfield>
  </datafield>
  <datafield tag="856" ind1=" " ind2=" ">
    <subfield code="u">http://10.250.8.41:8080/xmlui/handle/123456789/35547</subfield>
  </datafield>
  <datafield tag="942" ind1=" " ind2=" ">
    <subfield code="2">ddc</subfield>
    <subfield code="c">THE</subfield>
  </datafield>
  <datafield tag="999" ind1=" " ind2=" ">
    <subfield code="c">607310</subfield>
    <subfield code="d">607310</subfield>
  </datafield>
  <datafield tag="952" ind1=" " ind2=" ">
    <subfield code="0">0</subfield>
    <subfield code="1">0</subfield>
    <subfield code="4">0</subfield>
    <subfield code="7">0</subfield>
    <subfield code="a">SMME</subfield>
    <subfield code="b">SMME</subfield>
    <subfield code="c">EB</subfield>
    <subfield code="d">2023-12-12</subfield>
    <subfield code="l">0</subfield>
    <subfield code="o">629.8</subfield>
    <subfield code="p">SMME-TH-889</subfield>
    <subfield code="r">2023-12-12</subfield>
    <subfield code="w">2023-12-12</subfield>
    <subfield code="y">THE</subfield>
  </datafield>
</record>
